header

Emergency care for children (Record no. 237516)

MARC details
000 -LEADER
fixed length control field 01702nam a22003854a 4500
082 04 - DEWEY DECIMAL CLASSIFICATION NUMBER
Classification number 618.92/0025
245 00 - TITLE STATEMENT
Title Emergency care for children
260 ## - PUBLICATION, DISTRIBUTION, ETC. (IMPRINT)
Place of publication Washington, D.C. :
Name of publisher National Academies Press,
Year of publication c2007.
300 ## - PHYSICAL DESCRIPTION
Number of Pages xxii, 338 p. :
Other physical details ill.
490 1# - SERIES STATEMENT
Series statement Future of emergency care
650 #0 - SUBJECT ADDED ENTRY--TOPICAL TERM
Topical Term Children
Topical Term Emergency medical services.
Topical Term Pediatric emergencies.
Topical Term Pediatric intensive care.
856 40 - ELECTRONIC LOCATION AND ACCESS
Uniform Resource Identifier http://site.ebrary.com/lib/rucke/Doc?id=10176192

No items available.

© 2026 Rongo University
Contact us: librarian | system librarian | Rongo university